000 00575cam a22001934a 4500
005 20250605164302.0
008 250528s ||||||||||||||||||||||||d
035 _a22142
020 _a9789601427300
040 _aGR-AtMCL
_bgre
_dGR-AtMCL
_eAACR2
245 1 _aΗ ΠΟΛΙΤΙΚΗ ΗΓΕΣΙΑ ΚΑΙ ΟΙ ΞΕΝΟΙ ΣΤΗ ΝΕΟΤΕΡΗ ΙΣΤΟΡΙΑ ΤΗΣ ΕΛΛΑΔΑΣ 1914-1920
250 _a1
260 _bΛιβάνης,
_c1988
300 _a221
700 1 _aΤσαπαρας Στεφανος
_98011
942 _cBK
999 _c7198
_d7198